00320nam a2200133Ia 4500003000400000005001700004008004100021040000700062082001900069100001900088245002600107260004500133365000800178OSt20230527123359.0210423s1984 xx 000 0 und d cAL a921 223bALPM aALPHONS (K G). aMalling a difference. aBangalorebCentr for social actionc1984 cINR